تفسير غا لب (Record no. 170995)

MARC details
000 -LEADER
fixed length control field 00625nam a22001937a 4500
005 - DATE AND TIME OF LATEST TRANSACTION
control field 20200101160713.0
010 ## - LCCN (DPL NO)
LC control number A-338746
020 ## - INTERNATIONAL STANDARD BOOK NUMBER
Terms of availability N.A.
International Standard Book Number -
035 ## - SYSTEM CONTROL NUMBER
System control number A-338746
037 ## - SOURCE OF ACQUISITION
Source of stock number/acquisition BPPD
082 ## - DEWEY DECIMAL CLASSIFICATION NUMBER
Classification number 841.04
100 ## - MAIN ENTRY--PERSONAL NAME
Personal name گيا ن جند
245 ## - TITLE STATEMENT
Title تفسير غا لب
Statement of responsibility, etc گيا ن جند
246 ## - VARYING FORM OF TITLE
Title proper/short title Tafseer-e-Ghalib (Urdu)
Remainder of title by Dr.Gayan Chand
260 ## - PUBLICATION, DISTRIBUTION, ETC. (IMPRINT)
Place of publication, distribution, etc Kashmir
Date of publication, distribution, etc 1986 ء
Name of publisher, distributor, etc Jammu And Kashmir Acedemy
270 ## - ADDRESS
Address Jammu University
City Kashmir
Telephone number -
Postal code -
300 ## - PHYSICAL DESCRIPTION
Extent 560 ص
Dimensions 22 cm(hb)
942 ## - ADDED ENTRY ELEMENTS (KOHA)
Source of classification or shelving scheme Dewey Decimal Classification
Item type Urdu Bks
Classification part 841.04
Call number suffix گ ی ا
Holdings
Withdrawn status Lost status Not for loan Collection code Home library Current library Date acquired Source of acquisition Cost, normal purchase price Full call number Barcode Copy number Cost, replacement price Koha item type
      Non-fiction Central Library Central Library 01/01/2020 BPPD/Ven. 0.00 841.04 گ ی ا A-338746 1 0.00 Urdu Bks

© Delhi Public Library
Hit Counter
free hit counter